[Event "Madrid-chT Honor 2223"]
[Site "Madrid"]
[Date "2023.03.11"]
[Round "13.6"]
[White "Rey Martinez, Jaime"]
[Black "Cubillo Munoz, Miguel"]
[Result "1-0"]
[WhiteElo "2251"]
[BlackElo "2162"]
[PlyCount "137"]
[EventDate "2022.11.20"]
[EventType "team-tourn"]
[EventRounds "14"]
[EventCountry "ESP"]
[SourceTitle "EXT 2024"]
[Source "ChessBase"]
[SourceDate "2023.10.10"]
[SourceVersion "1"]
[SourceVersionDate "2023.10.10"]
[SourceQuality "1"]
[WhiteTeam "Alcorcon Diagonal"]
[BlackTeam "Blanco y Negro"]
[WhiteTeamCountry "ESP"]
[BlackTeamCountry "ESP"]

1. e4 c5 2. Nf3 g6 3. d4 cxd4 4. Nxd4 Bg7 5. c4 Nc6 6. Be3 Nf6 7. Nc3 0-0 8. Be2 d6 9. f3 Bd7 10. Qd2 Nxd4 11. Bxd4 a5 12. h4 a4 13. a3 Qa5 14. h5 Rfc8 15. g4 Be6 16. hxg6 hxg6 17. g5 Nh5 18. Bxg7 Nxg7 19. f4 Bxc4 20. Bg4 Be6 21. Qh2 Nh5 22. Bxh5 Rxc3 23. bxc3 Qxc3+ 24. Kf2 gxh5 25. Qxh5 Qg7 26. Qe2 b5 27. Rad1 Bc4 28. Qe3 Rc8 29. Rh3 Be6 30. f5 Rc2+ 31. Rd2 Qb2 32. Rxc2 Qxc2+ 33. Kg3 Bb3 34. Rh2 Qc5 35. Qf3 Bc4 36. Rf2 Kf8 37. g6 Qe5+ 38. Qf4 fxg6 39. fxg6+ Kg7 40. Qxe5+ dxe5 41. Rf5 Kxg6 42. Rxe5 Kf6 43. Kf4 Be2 44. Rc5 Ke6 45. Rc6+ Kd7 46. Ra6 Bc4 47. Ke5 e6 48. Kd4 Kc7 49. Kc5 Kd7 50. Ra7+ Ke8 51. Rxa4 bxa4 52. Kxc4 Kd7 53. Kb5 Kd6 54. Kxa4 Ke5 55. Kb5 Kxe4 56. a4 Kd3 57. a5 e5 58. a6 e4 59. a7 e3 60. a8Q e2 61. Qd5+ Ke3 62. Qe5+ Kd3 63. Kb4 Kd2 64. Qc3+ Kd1 65. Qd3+ Ke1 66. Kc3 Kf2 67. Qf5+ Ke1 68. Kd3 Kd1 69. Qf3 1-0

[Event "Madrid-chT Honor 2122"]
[Site "Madrid"]
[Date "2022.03.20"]
[Round "14.5"]
[White "Cubillo Munoz, Miguel"]
[Black "Herranz Sanchez, Pablo"]
[Result "1/2-1/2"]
[WhiteElo "2125"]
[BlackElo "2059"]
[PlyCount "91"]
[EventDate "2021.11.27"]
[EventType "team-tourn"]
[EventRounds "14"]
[EventCountry "ESP"]
[SourceTitle "EXT 2024"]
[Source "ChessBase"]
[SourceDate "2023.10.10"]
[SourceVersion "1"]
[SourceVersionDate "2023.10.10"]
[SourceQuality "1"]
[WhiteTeam "Alcala de Henares"]
[BlackTeam "Blanco y Negro"]
[WhiteTeamCountry "ESP"]
[BlackTeamCountry "ESP"]

1. e4 c5 2. Nf3 e6 3. b3 Nf6 4. e5 Nd5 5. Bb2 Nc6 6. Bb5 Be7 7. 0-0 0-0 8. Bxc6 bxc6 9. Nc3 f6 10. Re1 Qc7 11. Na4 fxe5 12. Bxe5 d6 13. Bg3 e5 14. h3 Bd7 15. c3 Be8 16. Nh2 Qd8 17. Rc1 h5 18. Nf1 Bg5 19. Ne3 Qf6 20. Rf1 Bg6 21. Nb2 Rae8 22. b4 Nf4 23. d3 d5 24. bxc5 Rb8 25. Rb1 d4 26. cxd4 exd4 27. Nec4 h4 28. Bxf4 Bxf4 29. Qg4 Rb5 30. Rfe1 Bc7 31. Qe6+ Qxe6 32. Rxe6 Bxd3 33. Rd1 Bxc4 34. Nxc4 Rxc5 35. Rxd4 Rf4 36. Ree4 Rxe4 37. Rxe4 Rb5 38. Kf1 g5 39. Re7 Bb6 40. Ke2 Rf5 41. f3 Kf8 42. Re6 Rc5 43. Kd3 Kf7 44. Re5 Rd5+ 45. Kc2 Kf6 46. Re8 1/2-1/2

[Event "Madrid-chT Honor 2122"]
[Site "Madrid"]
[Date "2022.03.06"]
[Round "12.5"]
[White "Cubillo Munoz, Miguel"]
[Black "Barraza Caracuel, Ignacio"]
[Result "1/2-1/2"]
[WhiteElo "2125"]
[BlackElo "2111"]
[PlyCount "37"]
[EventDate "2021.11.27"]
[EventType "team-tourn"]
[EventRounds "14"]
[EventCountry "ESP"]
[SourceTitle "EXT 2024"]
[Source "ChessBase"]
[SourceDate "2023.10.10"]
[SourceVersion "1"]
[SourceVersionDate "2023.10.10"]
[SourceQuality "1"]
[WhiteTeam "Alcala de Henares"]
[BlackTeam "La Didactica"]
[WhiteTeamCountry "ESP"]
[BlackTeamCountry "ESP"]

1. e4 e5 2. Nf3 Nc6 3. g3 Nf6 4. d3 d5 5. exd5 Nxd5 6. Bg2 Bc5 7. c3 0-0 8. 0-0 Bb6 9. a4 a6 10. Na3 Re8 11. Re1 f6 12. Nc4 Ba7 13. Ne3 Be6 14. Nxd5 Bxd5 15. Be3 Bxe3 16. Rxe3 Qd7 17. b4 Rad8 18. Qe2 Ne7 19. Nd2 1/2-1/2

[Event "Madrid-chT Honor 2122"]
[Site "Madrid"]
[Date "2022.01.29"]
[Round "7.4"]
[White "Cubillo Munoz, Miguel"]
[Black "Hidalgo Duque, Carlos"]
[Result "1/2-1/2"]
[WhiteElo "2125"]
[BlackElo "2259"]
[PlyCount "68"]
[EventDate "2021.11.27"]
[EventType "team-tourn"]
[EventRounds "14"]
[EventCountry "ESP"]
[SourceTitle "EXT 2024"]
[Source "ChessBase"]
[SourceDate "2023.10.10"]
[SourceVersion "1"]
[SourceVersionDate "2023.10.10"]
[SourceQuality "1"]
[WhiteTeam "Alcala de Henares"]
[BlackTeam "Blanco y Negro"]
[WhiteTeamCountry "ESP"]
[BlackTeamCountry "ESP"]

1. e4 c5 2. Nf3 d6 3. d4 cxd4 4. Qxd4 Nc6 5. Bb5 Bd7 6. Bxc6 Bxc6 7. Nc3 Nf6 8. Bg5 e6 9. 0-0-0 Be7 10. Qd3 Qa5 11. Kb1 h6 12. Bh4 Qa6 13. Rhe1 Qxd3 14. Rxd3 g5 15. Bg3 e5 16. Nd2 b5 17. b4 0-0 18. Nf1 a5 19. a3 axb4 20. axb4 Nxe4 21. Nxe4 Bxe4 22. Rxe4 f5 23. Re1 f4 24. f3 fxg3 25. Nxg3 Ra4 26. Re4 Kf7 27. Ne2 Rfa8 28. Kc1 Ra1+ 29. Kd2 Ke6 30. Nd4+ Kf6 31. Nxb5 Rg1 32. Nxd6 Rd8 33. Nb5 Rxg2+ 34. Re2 Bxb4+ 1/2-1/2

[Event "Madrid-chT Honor 2122"]
[Site "Madrid"]
[Date "2022.01.16"]
[Round "5.4"]
[White "Cubillo Munoz, Miguel"]
[Black "Barraza Caracuel, Ignacio"]
[Result "1-0"]
[WhiteElo "2125"]
[BlackElo "2111"]
[PlyCount "41"]
[EventDate "2021.11.27"]
[EventType "team-tourn"]
[EventRounds "14"]
[EventCountry "ESP"]
[SourceTitle "EXT 2024"]
[Source "ChessBase"]
[SourceDate "2023.10.10"]
[SourceVersion "1"]
[SourceVersionDate "2023.10.10"]
[SourceQuality "1"]
[WhiteTeam "Alcala de Henares"]
[BlackTeam "La Didactica"]
[WhiteTeamCountry "ESP"]
[BlackTeamCountry "ESP"]

1. e4 e5 2. Nf3 Nc6 3. g3 Nf6 4. d3 Bc5 5. Bg2 d6 6. h3 0-0 7. 0-0 h6 8. Nbd2 Be6 9. Kh2 Qd7 10. a4 a5 11. c3 Bb6 12. Nh4 d5 13. f4 exf4 14. gxf4 dxe4 15. dxe4 Rad8 16. Qe1 Qe7 17. e5 Nh7 18. Qg3 Bc8 19. Nc4 Qe6 20. f5 Qxc4 21. Bxh6 1-0

[Event "Madrid-chT Honor 2122"]
[Site "Madrid"]
[Date "2021.12.19"]
[Round "3.5"]
[White "Cubillo Munoz, Miguel"]
[Black "Alonso Garcia, Aaron"]
[Result "0-1"]
[WhiteElo "2125"]
[BlackElo "2345"]
[PlyCount "44"]
[EventDate "2021.11.27"]
[EventType "team-tourn"]
[EventRounds "14"]
[EventCountry "ESP"]
[SourceTitle "EXT 2024"]
[Source "ChessBase"]
[SourceDate "2023.10.10"]
[SourceVersion "1"]
[SourceVersionDate "2023.10.10"]
[SourceQuality "1"]
[WhiteTeam "Alcala de Henares"]
[BlackTeam "Collado Villalba"]
[WhiteTeamCountry "ESP"]
[BlackTeamCountry "ESP"]

1. e4 g6 2. d4 Bg7 3. f3 d5 4. e5 c5 5. c3 Nc6 6. Na3 cxd4 7. cxd4 Nh6 8. Bb5 0-0 9. Ne2 Nf5 10. Qa4 Qb6 11. Nc2 f6 12. f4 fxe5 13. fxe5 Nh4 14. Rg1 Bf5 15. Ne3 Be4 16. Bd2 Rac8 17. Bxc6 Rxc6 18. Qa3 Bh6 19. Qxe7 Qxb2 20. Rc1 Nf5 21. Qd7 Nxe3 22. Rxc6 Nxg2+ 0-1

[Event "Alicante IRT op 15th"]
[Site "Alicante"]
[Date "2021.09.26"]
[Round "7"]
[White "Cubillo Munoz, Miguel"]
[Black "Torres Rebolledo, Victor"]
[Result "1/2-1/2"]
[WhiteElo "2133"]
[BlackElo "1967"]
[PlyCount "71"]
[EventDate "2021.09.24"]
[EventType "swiss"]
[EventRounds "7"]
[EventCountry "ESP"]
[SourceTitle "CBM 204 Extra"]
[Source "ChessBase"]
[SourceDate "2021.11.30"]
[SourceVersion "1"]
[SourceVersionDate "2021.11.30"]
[SourceQuality "1"]

1. e4 c5 2. Nc3 Nc6 3. f4 d6 4. Bc4 Nf6 5. d3 g6 6. Nf3 Bg4 7. h3 Bxf3 8. Qxf3 Nd4 9. Qf2 e6 10. Be3 Nc6 11. Bb3 Qd7 12. 0-0 Be7 13. f5 0-0-0 14. Bg5 Ne8 15. fxe6 fxe6 16. Qf7 Nc7 17. Bxe7 Qxe7 18. Qxe7 Nxe7 19. Rf6 d5 20. a4 a6 21. a5 Rhf8 22. Rxf8 Rxf8 23. exd5 exd5 24. Na4 Ne6 25. Nb6+ Kc7 26. Bxd5 Nxd5 27. Nxd5+ Kc6 28. c4 Nd4 29. Re1 Rf7 30. Re8 Nb3 31. Rc8+ Kd6 32. Nc3 Kd7 33. Ne4 Kxc8 34. Nd6+ Kd7 35. Nxf7 Nc1 36. Ng5 1/2-1/2

[Event "Alicante IRT op 15th"]
[Site "Alicante"]
[Date "2021.09.24"]
[Round "1"]
[White "Costa Iniesta, Prudencio"]
[Black "Cubillo Munoz, Miguel"]
[Result "0-1"]
[WhiteElo "1751"]
[BlackElo "2133"]
[PlyCount "56"]
[EventDate "2021.09.24"]
[EventType "swiss"]
[EventRounds "7"]
[EventCountry "ESP"]
[SourceTitle "CBM 204 Extra"]
[Source "ChessBase"]
[SourceDate "2021.11.30"]
[SourceVersion "1"]
[SourceVersionDate "2021.11.30"]
[SourceQuality "1"]

1. d4 Nf6 2. Nf3 g6 3. g3 Bg7 4. Bg2 0-0 5. 0-0 d6 6. c4 c6 7. Nc3 Qb6 8. e4 Nbd7 9. Qc2 e5 10. dxe5 dxe5 11. Be3 Qa6 12. b3 Ng4 13. Bc1 f5 14. h3 Nh6 15. Bb2 Qb6 16. Ba3 Re8 17. Rad1 Nc5 18. b4 Ne6 19. c5 Qc7 20. Qb3 Kh8 21. Bb2 b6 22. cxb6 axb6 23. Rc1 Qe7 24. Na4 Qa7 25. Rxc6 Bd7 26. Rd6 Bxa4 27. Qd5 Nc7 28. Qd2 Nf7 0-1

[Event "Guadalajara-chT"]
[Site "Guadalajara"]
[Date "2016.01.30"]
[Round "2.2"]
[White "Martinez Sanz, Ignacio"]
[Black "Cubillo Munoz, Miguel"]
[Result "0-1"]
[WhiteElo "1603"]
[BlackElo "2028"]
[PlyCount "96"]
[EventDate "2016.01.23"]
[EventType "team-tourn"]
[EventRounds "9"]
[EventCountry "ESP"]
[SourceTitle "EXT 2017"]
[Source "ChessBase"]
[SourceDate "2016.10.25"]
[SourceVersion "1"]
[SourceVersionDate "2016.10.25"]
[SourceQuality "1"]
[WhiteTeam "Uned Guadalajara"]
[BlackTeam "Bar el Mambru"]
[WhiteTeamCountry "ESP"]
[BlackTeamCountry "ESP"]

1. d4 Nf6 2. Nf3 g6 3. e3 Bg7 4. Bd3 0-0 5. b3 d6 6. Bb2 Nc6 7. Nbd2 Re8 8. c3 e5 9. Qc2 Bg4 10. dxe5 dxe5 11. Bb5 Qe7 12. Bxc6 bxc6 13. h3 Bf5 14. e4 Bd7 15. Nc4 Nh5 16. 0-0-0 Rad8 17. Ne3 Nf4 18. c4 f6 19. Ne1 a5 20. Nd3 a4 21. Bc3 axb3 22. axb3 Ne6 23. Qb2 Rb8 24. Rd2 c5 25. Nd5 Qf8 26. Qb1 Bh6 27. Ne3 Nd4 28. Rb2 Bc6 29. Bd2 Bxe4 30. f3 Bc6 31. Kd1 e4 32. fxe4 Bxe4 33. b4 Rbd8 34. Re1 Nc6 35. Nd5 Bg7 36. b5 Nd4 37. Nxc7 Nf5 38. Rxe4 Rxe4 39. Nxc5 Rf4 40. N5e6 Rf1+ 41. Kc2 Rxd2+ 42. Kxd2 Qd6+ 43. Qd3 Rd1+ 44. Kxd1 Qxd3+ 45. Rd2 Ne3+ 46. Kc1 Qc3+ 47. Kb1 Qxd2 48. c5 Nc4 0-1

[Event "San Sebastian de los Reyes op 13th"]
[Site "San Sebastian"]
[Date "2011.12.10"]
[Round "9"]
[White "Sacristan Virseda, Fernando"]
[Black "Cubillo Munoz, Miguel"]
[Result "0-1"]
[WhiteElo "1891"]
[BlackElo "2006"]
[PlyCount "67"]
[EventDate "2011.12.02"]
[EventType "swiss"]
[EventRounds "9"]
[EventCountry "ESP"]
[SourceTitle "CBM 145 Extra"]
[Source "ChessBase"]
[SourceDate "2012.01.03"]
[SourceVersion "1"]
[SourceVersionDate "2012.01.03"]
[SourceQuality "1"]

1. e4 c5 2. Nc3 g6 3. g3 Bg7 4. Bg2 Nc6 5. d3 d6 6. Be3 Nd4 7. Qd2 e6 8. Nge2 Rb8 9. 0-0 b5 10. f4 Ne7 11. g4 b4 12. Nd1 f5 13. gxf5 exf5 14. Ng3 0-0 15. c3 Ne6 16. d4 bxc3 17. bxc3 cxd4 18. cxd4 fxe4 19. Bxe4 Bb7 20. Nc3 Bxe4 21. Ncxe4 Nd5 22. Ne2 Nxe3 23. Qxe3 Rb4 24. Rab1 Rxb1 25. Rxb1 Rxf4 26. N4g3 Rf6 27. Rb7 Qa5 28. Rb8+ Nf8 29. Qb3+ Kh8 30. Nc3 Rf3 31. Nge4 Qf5 32. Qc4 d5 33. Qxd5 Rf1+ 34. Kg2 0-1

[Event "San Sebastian de los Reyes op 13th"]
[Site "San Sebastian"]
[Date "2011.12.09"]
[Round "8"]
[White "Cubillo Munoz, Miguel"]
[Black "Adan Bermudez, Sergio"]
[Result "0-1"]
[WhiteElo "2006"]
[BlackElo "2292"]
[PlyCount "46"]
[EventDate "2011.12.02"]
[EventType "swiss"]
[EventRounds "9"]
[EventCountry "ESP"]
[SourceTitle "CBM 145 Extra"]
[Source "ChessBase"]
[SourceDate "2012.01.03"]
[SourceVersion "1"]
[SourceVersionDate "2012.01.03"]
[SourceQuality "1"]

1. c4 b6 2. b3 Bb7 3. Bb2 e6 4. Nf3 Nf6 5. e3 Be7 6. Be2 0-0 7. 0-0 d5 8. Ne5 Nfd7 9. f4 c6 10. Bd3 dxc4 11. Bxh7+ Kxh7 12. Qh5+ Kg8 13. Nxd7 Nxd7 14. Rf3 f6 15. Rh3 Bd6 16. f5 exf5 17. Qxf5 Ne5 18. Na3 g6 19. Rg3 Kh7 20. Qf4 Bc8 21. Rf1 Nd3 22. Qh4+ Kg7 23. Rxf6 Rxf6 0-1

[Event "Almansa op-B 5th"]
[Site "Almansa"]
[Date "2010.08.12"]
[Round "6.10"]
[White "Romero Lopez, Cristina"]
[Black "Cubillo Munoz, Miguel"]
[Result "1-0"]
[WhiteElo "1883"]
[BlackElo "1970"]
[PlyCount "71"]
[EventDate "2010.08.09"]
[EventType "swiss"]
[EventRounds "9"]
[EventCountry "ESP"]
[SourceTitle "EXT 2024"]
[Source "ChessBase"]
[SourceDate "2023.10.10"]
[SourceVersion "1"]
[SourceVersionDate "2023.10.10"]
[SourceQuality "1"]

1. e4 c5 2. Nf3 Nc6 3. c3 Nf6 4. e5 Nd5 5. d4 cxd4 6. Bc4 Nb6 7. Bb3 d6 8. exd6 e6 9. Nxd4 Bxd6 10. Nxc6 bxc6 11. 0-0 0-0 12. Nd2 Nd5 13. Nf3 Qc7 14. Bc2 Rd8 15. Qe2 e5 16. Bg5 f6 17. Bd2 g6 18. Bb3 Kg7 19. Rac1 Ne7 20. Qc4 Nd5 21. Qh4 Nf4 22. Bxf4 exf4 23. Rfe1 Rb8 24. g4 h5 25. g5 Be7 26. Rxe7+ Qxe7 27. Re1 Qf8 28. gxf6+ Kh8 29. Ne5 Bf5 30. Nf7+ Kh7 31. Nxd8 Rxd8 32. Re7+ Kh8 33. Qxf4 Rd7 34. Qe5 Rd8 35. f7+ Kh7 36. Re8 1-0

[Event "ESP-ch U18"]
[Site "Linares"]
[Date "2010.08.01"]
[Round "9"]
[White "Cubillo Munoz, Miguel"]
[Black "Herrera Delgado, Alejandro"]
[Result "0-1"]
[WhiteElo "1970"]
[BlackElo "2316"]
[PlyCount "64"]
[EventDate "2010.07.26"]
[EventType "swiss"]
[EventRounds "9"]
[EventCountry "ESP"]
[SourceTitle "CBM 137 Extra"]
[Source "ChessBase"]
[SourceDate "2010.09.01"]
[SourceVersion "1"]
[SourceVersionDate "2010.09.01"]
[SourceQuality "1"]

1. c4 e5 2. Nc3 Nc6 3. g3 f5 4. Bg2 Nf6 5. d3 Bb4 6. Bd2 0-0 7. Nd5 Bxd2+ 8. Qxd2 d6 9. e3 e4 10. Nxf6+ Qxf6 11. d4 Ne7 12. Ne2 c5 13. 0-0 Be6 14. b3 Rfd8 15. f3 exf3 16. Bxf3 d5 17. cxd5 Bxd5 18. Rad1 Bxf3 19. Rxf3 cxd4 20. exd4 Rd7 21. Qd3 Rad8 22. Qc4+ Kh8 23. Rfd3 Nd5 24. Nc3 f4 25. Ne4 Qg6 26. Nc5 Rc7 27. Qb5 b6 28. Na6 Rc2 29. Re1 h6 30. Re5 Nc3 31. Rxc3 Rxc3 32. Qe2 Rc1+ 0-1

[Event "Almansa op-B 4th"]
[Site "Almansa"]
[Date "2009.08.13"]
[Round "6"]
[White "Fernandez Seco, Julian"]
[Black "Cubillo Munoz, Miguel"]
[Result "1/2-1/2"]
[WhiteElo "1946"]
[BlackElo "1912"]
[PlyCount "56"]
[EventDate "2009.08.10"]
[EventType "swiss"]
[EventRounds "9"]
[EventCountry "ESP"]
[SourceTitle "CBM 131 Extra"]
[Source "ChessBase"]
[SourceDate "2009.09.03"]
[SourceVersion "2"]
[SourceVersionDate "2009.09.16"]
[SourceQuality "1"]

1. e4 c5 2. Nf3 Nc6 3. d4 cxd4 4. Nxd4 g6 5. Nc3 Bg7 6. Be3 Nf6 7. Bc4 Qa5 8. 0-0 0-0 9. Nb3 Qd8 10. f4 d6 11. f5 Ne5 12. Be2 Bd7 13. Nd4 Rc8 14. Kh1 a6 15. g4 Rxc3 16. bxc3 Nxe4 17. Bf3 Nxc3 18. Qe1 Nxf3 19. Rxf3 Nb5 20. Qd1 Nxd4 21. Bxd4 Bc6 22. Bxg7 Bxf3+ 23. Qxf3 Kxg7 24. Qxb7 Qa5 25. fxg6 hxg6 26. Rd1 Qxa2 27. Qxe7 Qxc2 28. Rxd6 Qc1+ 1/2-1/2

[Event "ESP-ch U16"]
[Site "Padron"]
[Date "2008.07.24"]
[Round "8"]
[White "Cubillo Munoz, Miguel"]
[Black "Donoso Sanchez, Alejandro"]
[Result "0-1"]
[WhiteElo "1923"]
[BlackElo "2023"]
[PlyCount "66"]
[EventDate "2008.07.20"]
[EventType "swiss"]
[EventRounds "9"]
[EventCountry "ESP"]
[SourceTitle "EXT 2010"]
[Source "ChessBase"]
[SourceDate "2010.11.25"]
[SourceVersion "1"]
[SourceVersionDate "2010.11.25"]
[SourceQuality "1"]

1. d4 c5 2. d5 Nf6 3. c4 e6 4. Nc3 exd5 5. Nxd5 Nxd5 6. cxd5 d6 7. e4 g6 8. f4 Bg7 9. Nf3 0-0 10. Bd3 Re8 11. 0-0 b5 12. Bxb5 Rxe4 13. Re1 Rxe1+ 14. Qxe1 Bb7 15. Qe4 Nd7 16. Bc4 Qe8 17. Qd3 Nb6 18. Bd2 Bxb2 19. Re1 Qa4 20. Bb3 Qd7 21. a4 Re8 22. Rb1 Bf6 23. a5 Na8 24. Qc4 Qf5 25. Ba2 Qc8 26. Ng5 Bd4+ 27. Kh1 Ba6 28. Qb3 Re2 29. Be1 Qg4 30. Bg3 Qc8 31. f5 Qxf5 32. Qb8+ Bc8 33. Bc4 Nb6 0-1

[Event "ESP-ch U16"]
[Site "Padron"]
[Date "2008.07.21"]
[Round "3"]
[White "Cubillo Munoz, Miguel"]
[Black "Aguirre Alvarez, Marina"]
[Result "1-0"]
[WhiteElo "1923"]
[BlackElo "1636"]
[PlyCount "49"]
[EventDate "2008.07.20"]
[EventType "swiss"]
[EventRounds "9"]
[EventCountry "ESP"]
[SourceTitle "EXT 2010"]
[Source "ChessBase"]
[SourceDate "2010.11.25"]
[SourceVersion "1"]
[SourceVersionDate "2010.11.25"]
[SourceQuality "1"]

1. d4 d5 2. c4 e6 3. Nc3 Nf6 4. Bg5 h6 5. Bxf6 gxf6 6. cxd5 exd5 7. e3 c6 8. Nge2 Qb6 9. Qc2 Bg4 10. f3 Bh5 11. Nf4 Bg6 12. Nxg6 fxg6 13. Qxg6+ Ke7 14. 0-0-0 Nd7 15. e4 dxe4 16. d5 Re8 17. dxc6 bxc6 18. Nxe4 Rb8 19. Rd2 Qe3 20. Bc4 Rb7 21. Qf7+ Kd8 22. Qxf6+ Kc7 23. Qxh8 Ba3 24. bxa3 Qxa3+ 25. Kc2 1-0

[Event "ESP-ch U16"]
[Site "Padron"]
[Date "2008.07.20"]
[Round "2"]
[White "De Nacimiento Montano, Angel"]
[Black "Cubillo Munoz, Miguel"]
[Result "1-0"]
[WhiteElo "2099"]
[BlackElo "1923"]
[PlyCount "61"]
[EventDate "2008.07.20"]
[EventType "swiss"]
[EventRounds "9"]
[EventCountry "ESP"]
[SourceTitle "EXT 2010"]
[Source "ChessBase"]
[SourceDate "2010.11.25"]
[SourceVersion "1"]
[SourceVersionDate "2010.11.25"]
[SourceQuality "1"]

1. e4 c5 2. Nf3 Nc6 3. d4 cxd4 4. Nxd4 g6 5. Nc3 Bg7 6. Nb3 Nf6 7. Be2 0-0 8. 0-0 d6 9. Re1 a6 10. Bf1 b5 11. Bg5 h6 12. Bh4 Be6 13. a4 b4 14. Nd5 g5 15. Bg3 Nd7 16. Rb1 Nb6 17. Qd2 f5 18. a5 Na4 19. exf5 Bxf5 20. Nxb4 Nxb4 21. Qxb4 Nxb2 22. Qa3 Bxc2 23. Rxb2 Bxb2 24. Qxb2 Bf5 25. Nd4 e5 26. Bc4+ Kg7 27. Qb7+ Kg6 28. Nxf5 Rxf5 29. Bd3 Qxa5 30. Bxf5+ Kf6 31. Qe4 1-0

[Event "Benidorm op U2000 06th"]
[Site "Benidorm"]
[Date "2007.??.??"]
[Round "4"]
[White "Stamenov, Valeri"]
[Black "Cubillo Munoz, Miguel"]
[Result "1/2-1/2"]
[WhiteElo "1965"]
[BlackElo "1865"]
[PlyCount "57"]
[EventDate "2007.11.??"]
[EventType "swiss"]
[EventRounds "9"]
[EventCountry "ESP"]
[SourceTitle "EXT 2010"]
[Source "ChessBase"]
[SourceDate "2010.11.25"]
[SourceVersion "1"]
[SourceVersionDate "2010.11.25"]
[SourceQuality "1"]

1. e4 c5 2. c3 d5 3. exd5 Qxd5 4. d4 Nc6 5. Nf3 Bg4 6. Be2 Rd8 7. 0-0 cxd4 8. cxd4 Bxf3 9. Bxf3 Qxd4 10. Qb3 Qb6 11. Qxb6 axb6 12. Be3 e6 13. Bxb6 Rd7 14. Nc3 Ne5 15. Be2 Nf6 16. Bb5 Nc6 17. Rad1 Bb4 18. Rxd7 Nxd7 19. Bxc6 bxc6 20. Na4 Ke7 21. Bd4 Ra8 22. b3 e5 23. Be3 f5 24. f3 Nf6 25. Rc1 Nd5 26. Bc5+ Bxc5+ 27. Rxc5 Kd6 28. Rc2 g5 29. Rd2 1/2-1/2